000 00257nam a2200097Ia 4500
001 719001
005 20250826163034.0
008 250824s9999 xx 000 0 und d
245 0 _aOSMANLI DAN HİKAYELER
_cYazar Adı Belirtilmemiş
260 _bPANAMA YAYINLARI
999 _c719001
_d719001